Catálogo

ARTE CINEMATOGRÁFICO (Registro nro. 28262)

Detalles MARC
000 -LEADER
fixed length control field 00414nam a2200169 a 4500
001 - CONTROL NUMBER
control field 28262
005 - DATE AND TIME OF LATEST TRANSACTION
control field 20180713231121.0
008 - FIXED-LENGTH DATA ELEMENTS--GENERAL INFORMATION
fixed length control field 140415d 000 0 spa d
020 ## - INTERNATIONAL STANDARD BOOK NUMBER
International Standard Book Number 9701037863
041 ## - LANGUAGE CODE
Language code of text/sound track or separate title spa
082 ## - DEWEY DECIMAL CLASSIFICATION NUMBER
Classification number 778.53
100 1# - MAIN ENTRY--PERSONAL NAME
Personal name Bordwell, David,.
245 10 - TITLE STATEMENT
Title ARTE CINEMATOGRÁFICO
250 ## - EDITION STATEMENT
Edition statement 6° EDICIÓN
260 ## - PUBLICATION, DISTRIBUTION, ETC.
Place of publication, distribution, etc. [s.l.] :
Name of publisher, distributor, etc. MC GRAW HILL,
Date of publication, distribution, etc. [s.f.]
520 ## - SUMMARY, ETC.
Summary, etc. RP
Existencias
Withdrawn status Lost status Source of classification or shelving scheme Damaged status Not for loan Collection code Home library Current library Shelving location Date acquired Source of acquisition Total Checkouts Full call number Barcode Price effective from Koha item type
    Dewey Decimal Classification     General Tehuacán Tehuacán Sala general 03/12/2013 Compra   778.53 501810 03/12/2013 Libro